000
00291nam a22001217a 4500
999
_c
5052
_d
5052
008
250516b ||||| |||| 00| 0 eng d
020
_a
9781628320435
082
_a
599.884 RIG
100
_a
RIGGS,KATE
_e
AUTHOR
245
_a
GORILLAS
260
_a
MINNESOTA
_b
CREATIVE PAPERBACKS
942
_2
ddc